A defence of the Protestant clergy in the south of Ireland : in answer to the charges against them, contained in the Rt. Hon. Henry Grattan's speeches relating to tithes, ... By Authenticus.

Bibliographic Details
Main Author: Authenticus
Format: eBook
Language:English
Series:Eighteenth century collections online.
Online Access:Full text online

MARC

Tag First Indicator Second Indicator Subfields
LEADER 00000cam a2200000 4500
001 in00001866721
006 m | d |
007 cr |n||||||||n
008 820715s1788 enk|||| s 00||||eng d
005 20260407191027.8
035 |a (CStRLIN)ESTCT91447 
040 |a Uk-ES  |c Uk-ES  |d CStRLIN  |d Thomson Gale  |d UtOrBLW 
100 0 |a Authenticus. 
245 1 2 |a A defence of the Protestant clergy in the south of Ireland :  |b in answer to the charges against them, contained in the Rt. Hon. Henry Grattan's speeches relating to tithes, ... By Authenticus. 
264 3 |a [London] :  |b Dublin printed, London re-printed, for J. Robson and W. Clarke,  |c 1788. 
300 |a 127, 3 unnumbered pages ;  |c 8⁰. 
336 |a text  |b txt  |2 rdacontent 
337 |a computer  |b c  |2 rdamedia 
338 |a online resource  |b cr  |2 rdacarrier 
500 |a With a final errata leaf. 
500 |a Reproduction of original from the British Library. 
510 4 |a English Short Title Catalog,  |c ESTCT91447. 
533 |a Electronic reproduction.  |b Farmington Hills, Mich. :  |c Thomson Gale,  |d 2003.  |n Available via the World Wide Web.  |n Access limited by licensing agreements  |7 s2003 miunns 
500 |a Electronic resource. 
830 0 |a Eighteenth century collections online. 
856 4 0 |u http://proxy.library.tamu.edu/login?url=https://galenet.galegroup.com/servlet/ECCO?c=1&stp=Author&ste=11&af=BN&ae=T091447&tiPG=1&dd=0&dc=flc&docNum=CW104503933&vrsn=1.0&srchtp=a&d4=0.33&n=10&SU=0LRL+OR+0LRI&locID=txshracd2898  |z Full text online  |t 0 
999 |a MARS 
999 f f |s 770180dd-c404-3a3e-b9e9-df344f111db1  |i 3aff86b7-9295-32a3-bb84-9bcd6a0df97c  |t 0 
952 f f |a Texas A&M University  |b College Station  |c Electronic Resources  |s www_evans  |d Available Online  |t 0  |h No information provided 
998 f f |t 0  |l Available Online